Statistics for hotline bling - Drake lyrics

Click here to take the quiz!

General Stats

  • This quiz has been taken 232 times
  • The average score is 329 of 422

Answer Stats

Answer% Correct
on
99%
m
98%
me
98%
i
96%
you
96%
hotline
95%
bling
95%
when
94%
to
93%
a
93%
the
92%
thing
92%
my
92%
call
92%
that
91%
one
91%
know
91%
used
91%
nee
90%
cell
90%
love
90%
phone
89%
mean
89%
only
88%
need
88%
night
87%
can
86%
late
86%
and
82%
ever
79%
city
78%
lef
78%
be
77%
left
76%
sinc
76%
your
74%
since
73%
for
72%
no
71%
out
70%
some
70%
do
68%
girl
66%
we
65%
yeah
64%
never
64%
with
62%
dont
61%
got
61%
now
60%
cellphone
60%
before
60%
going
60%
in
59%
seen
58%
yourself
58%
of
58%
more
57%
else
55%
feel
55%
dance
54%
reputation
54%
get
54%
iv
54%
someone
53%
floor
53%
girls
53%
less
53%
started
52%
hangin
52%
just
52%
champagne
48%
wearing
48%
like
48%
glasses
46%
all
46%
youre
46%
did
46%
wrong
46%
along
46%
good
45%
if
45%
ive
45%
stressed
44%
is
44%
why
43%
over
43%
cause
43%
wonder
42%
everybody
42%
thes
42%
make
42%
days
41%
knows
41%
bendin
41%
nobody
41%
wha
40%
passport
39%
running
38%
always
38%
nasty
38%
doing
37%
zone
37%
where
37%
right
37%
backwards
36%
things
36%
getting
36%
belong
36%
places
36%
pages
36%
was
36%
hanging
35%
shoul
35%
alone
35%
asked
35%
exactly
34%
stay
34%
home
32%
taught
29%
down
26%
rollin
26%
up
25%
touching
21%
road
18%
backwoods
17%

Score Distribution

Percentile by Number Answered

Percent of People with Each Score

Your Score History

You have not taken this quiz